| 000 | 00788nam a2200229 ar4500 | ||
|---|---|---|---|
| 001 | 2429 | ||
| 005 | 20221127090434.0 | ||
| 008 | 110130s xxka 00010|eng d | ||
| 020 |
_a9781405881357 : : _cSR136.00 |
||
| 082 | 0 | 4 |
_a428.2402465 _bC829 2005 |
| 100 | 1 | _aCotton, David. | |
| 245 | 1 | 0 |
_aMarket leader : _bintermediate business English course book / _cDavid Cotton, D. Falvey, Simon Kent. |
| 250 | _aNew ed. | ||
| 260 |
_aHarlow, England : _bPearson/Financial Times, _c2005. |
||
| 300 |
_a176 p. : _bill. ; _c30 cm. _e2 CDs. |
||
| 500 | _aPrev. ed. : 2000. | ||
| 650 | 4 |
_aEnglish language _xBusiness English. |
|
| 650 | 4 |
_aEnglish language _xStudy and teaching. |
|
| 650 | 4 |
_aEnglish language _vTextbooks. |
|
| 700 | 0 |
_aFalvey, David, _ejt. auth. |
|
| 700 | 0 |
_aKent, Simon, _ejt. auth. |
|
| 999 |
_c2427 _d2427 |
||